|
|
|
|
| LEADER |
00000nta a2200000 i 4500 |
| 001 |
dolg43714 |
| 005 |
20230323152929.0 |
| 008 |
230323suuuu hu o 000 hun d |
| 040 |
|
|
|a BGE Dolgozattár Repozitórium
|b hun
|
| 041 |
|
|
|a hu
|
| 100 |
1 |
|
|a Tulkán Adél
|
| 245 |
1 |
2 |
|a A jó kapcsolat alapja a jó kommunikáció, avagy belső kommunikációs IT platformok a vállalati életben
|c Tulkán Adél
|h [elektronikus dokumentum]
|
| 516 |
|
|
|a Students_Scientific_Association_paper
|
| 520 |
3 |
|
|a Szokás mondani, hogy minden jó kapcsolat alapja a jó kommunikáció a felek között. Vajon ez mennyire igaz a vállalati életre A kutatásomban a vállalati szektorban jellemző belső kommunikációs szokásokat és módszereket vizsgálom. A kommunikációt, mint feladatkört, nagyon sok dolog befolyásolja a mindennapokban. Egyre több lehetőség van ennek a területnek a fejlesztésére a fejlődő IT szektornak és az innovatív digitalizációnak köszönhetően. De vajon milyen egy jó belső kommunikációs platform Mire van szüksége a munkavállalóknak és hogyan lehet a választott módszer a leghatékonyabb A kérdések, amikre a kutatásom irányul: Vajon egyeznek-e a munkavállalóktól érkező kommunikációs igények és a munkáltató által nyújtani tudott módszerek és platformok a napjainkban működő vállalatoknál Milyen változások történtek, amiket a 2020-ban induló Covid-19 járvány okozott a vállalatok belső kommunikációjának területén pozitív, vagy negatív irányba Jelenleg milyen HR informatikai platformok vannak a belső kommunikációs területen Milyen, kevésbé ismert és kevésbé kihasznált platformok és programok vannak, amiknek hatalmas jövője lehet a HR informatikában A kutatásom célja, hogy ezekre a kérdésre választ kapjak és minél több olyan platformot ismerjek meg, amik támogatni tudják a vállalati szektor belső kommunikációját. A dolgozatomban két féle kutatási formát alkalmazok. Szekunder kutatásként, az aktuális hazai és külföldi szakirodalmakat dolgozom fel. Ezen kívül primer kutatásként, az interjús kutatást választottam. Ezeken az adatgyűjtési módszereken kívül a kutatásom egyik legmeghatározóbb része, a mai informatikai piacon jelenlevő platformok, programok, alkalmazások elemzése és részletes bemutatása a felhasználói oldalról vizsgálva. A kutatásom eredményei: Többnyire elégedettek a munkavállalók a belső kommunikációs rendszereikkel, de felmerültek problémák, amiket a dolgozatomban részletesen kifejtettem. Számos változást eredményezett a vírushelyzet a HR területén. Megjelent itt is a digitalizáció, a technológiafejlődést. Nagyobb hangsúlyt kapnak a HR ügyviteli rendszerek és az online kommunikációs platformok is. Számos humáninformatikai szoftver található a piacon minden területre külön vagy akár egyszerre megoldást nyújtva. A HR rendszerek digitalizációja elkezdődött, a technológiai fejlődés jelen van, és ebben van a HR jövője
|
| 700 |
1 |
|
|a Dobák Dr. Dóra
|e ths
|
| 700 |
1 |
|
|a Szigili Krisztina
|e ths
|
| 856 |
4 |
0 |
|u http://dolgozattar.uni-bge.hu/43714/1/Tulk%C3%A1n%20Ad%C3%A9l_PSZK_TDK.pdf
|z Dokumentum-elérés
|
| 856 |
4 |
0 |
|u http://dolgozattar.uni-bge.hu/43714/2/Tulk%C3%A1n_Ad%C3%A9l_PSZK.pdf
|z Dokumentum-elérés
|
| 856 |
4 |
0 |
|u http://dolgozattar.uni-bge.hu/43714/3/Dolgozat_biralati_lap_2022_Tulkan_Adel.pdf
|z Dokumentum-elérés
|
| 856 |
4 |
0 |
|u http://dolgozattar.uni-bge.hu/43714/4/Tulk%C3%A1n_Ad%C3%A9l.pdf
|z Dokumentum-elérés
|